[Event "DSOL 07 Liga Gr-A 1st"]
[Site "Playchess.com INT"]
[Date "2020.08.14"]
[Round "2.1"]
[White "Kriminski, Christoph"]
[Black "Hilbert, Stephan Joerg"]
[Result "1/2-1/2"]
[WhiteElo "1638"]
[BlackElo "1674"]
[PlyCount "38"]
[EventDate "2020.06.22"]
[EventType "team-tourn (rapid)"]
[EventCountry "GER"]
[SourceTitle "EXT 2021"]
[Source "ChessBase"]
[SourceDate "2020.10.23"]
[SourceVersion "1"]
[SourceVersionDate "2020.10.23"]
[SourceQuality "1"]
[WhiteTeam "Koenigsjaeger Sued West II"]
[BlackTeam "Thuering Foederverein"]
[WhiteTeamCountry "GER"]
[BlackTeamCountry "GER"]

1. e4 d5 2. Nc3 dxe4 3. Nxe4 Bf5 4. Bd3 e6 5. Nf3 Be7 6. 0-0 Nc6 7. Re1 Bg4 8. b3 Nf6 9. Bb2 0-0 10. Qe2 Nd5 11. Bc4 Ncb4 12. Rec1 Nb6 13. Qe3 Nxc4 14. bxc4 Bf5 15. Qc3 f6 16. Ng3 Bg6 17. a3 Nc6 18. Re1 e5 19. c5 Qd5 1/2-1/2

[Event "DSOL 07 Liga Gr-A 1st"]
[Site "Playchess.com INT"]
[Date "2020.07.22"]
[Round "5.1"]
[White "Hilbert, Stephan Joerg"]
[Black "Arnz, Tom Niklas"]
[Result "1/2-1/2"]
[WhiteElo "1674"]
[BlackElo "1660"]
[PlyCount "61"]
[EventDate "2020.06.22"]
[EventType "team-tourn (rapid)"]
[EventCountry "GER"]
[SourceTitle "EXT 2021"]
[Source "ChessBase"]
[SourceDate "2020.10.23"]
[SourceVersion "1"]
[SourceVersionDate "2020.10.23"]
[SourceQuality "1"]
[WhiteTeam "Thuering Foederverein"]
[BlackTeam "Lennep SF"]
[WhiteTeamCountry "GER"]
[BlackTeamCountry "GER"]

1. b4 Nf6 2. Bb2 e6 3. a3 d5 4. e3 c5 5. b5 Bd6 6. Nf3 0-0 7. Be2 Nbd7 8. 0-0 e5 9. d3 Re8 10. Nbd2 Qc7 11. h3 e4 12. dxe4 dxe4 13. Ne1 Bh2+ 14. Kh1 Be5 15. Bxe5 Nxe5 16. c4 Bf5 17. g4 Bg6 18. Ng2 Rad8 19. Nf4 Qe7 20. Ra2 h6 21. Rg1 Nh7 22. Qf1 Qh4 23. Rg3 Rd6 24. Qg2 Ng5 25. Qh2 Rxd2 26. Rxd2 Ngf3 27. Bxf3 Nxf3 28. Rxf3 exf3 29. Nxg6 fxg6 30. Kg1 Qe7 31. Qf4 1/2-1/2

[Event "DSOL 07 Liga Gr-A 1st"]
[Site "Playchess.com INT"]
[Date "2020.07.17"]
[Round "4.1"]
[White "Neumeier, Erich"]
[Black "Hilbert, Stephan Joerg"]
[Result "0-1"]
[WhiteElo "1601"]
[BlackElo "1674"]
[PlyCount "88"]
[EventDate "2020.06.22"]
[EventType "team-tourn (rapid)"]
[EventCountry "GER"]
[SourceTitle "EXT 2021"]
[Source "ChessBase"]
[SourceDate "2020.10.23"]
[SourceVersion "1"]
[SourceVersionDate "2020.10.23"]
[SourceQuality "1"]
[WhiteTeam "Bettringen"]
[BlackTeam "Thuering Foederverein"]
[WhiteTeamCountry "GER"]
[BlackTeamCountry "GER"]

1. e4 d5 2. exd5 Qxd5 3. Nc3 Qa5 4. Nf3 Nf6 5. g3 Bg4 6. Bg2 c6 7. 0-0 e6 8. d3 Bb4 9. Bd2 Nbd7 10. a3 Bxc3 11. Bxc3 Qb6 12. Re1 0-0 13. Qd2 Qc7 14. Ne5 Bf5 15. b4 Nb6 16. Rad1 Nbd5 17. Bb2 a5 18. c4 Nb6 19. b5 c5 20. f4 Rfd8 21. Qe2 h5 22. h3 Na4 23. Ba1 Nb6 24. d4 Rac8 25. Qf3 cxd4 26. Qxb7 Qc5 27. Qxf7+ Kh7 28. Qa7 d3+ 29. Kh2 Nxc4 30. Qxc5 Rxc5 31. Nxc4 Rxc4 32. b6 Rb8 33. b7 Rc2 34. Kh1 Nd7 35. g4 hxg4 36. hxg4 Bg6 37. Kg1 Re2 38. Rxe2 dxe2 39. Re1 Bd3 40. Bf3 Ba6 41. Kf2 Nc5 42. Bxe2 Bxb7 43. Bc4 Bd5 44. Bxd5 Nd3+ 0-1

[Event "DSOL 07 Liga Gr-A 1st"]
[Site "Playchess.com INT"]
[Date "2020.06.25"]
[Round "1.1"]
[White "Hilbert, Stephan Joerg"]
[Black "Neis, Michael"]
[Result "1-0"]
[WhiteElo "1674"]
[BlackElo "1645"]
[PlyCount "59"]
[EventDate "2020.06.22"]
[EventType "team-tourn (rapid)"]
[EventCountry "GER"]
[SourceTitle "EXT 2021"]
[Source "ChessBase"]
[SourceDate "2020.10.23"]
[SourceVersion "1"]
[SourceVersionDate "2020.10.23"]
[SourceQuality "1"]
[WhiteTeam "Thuering Foederverein"]
[BlackTeam "Rheinfelden"]
[WhiteTeamCountry "GER"]
[BlackTeamCountry "GER"]

1. b4 d5 2. Bb2 e6 3. Nf3 Nf6 4. a3 Be7 5. e3 0-0 6. Be2 c5 7. b5 a6 8. 0-0 Bd7 9. a4 axb5 10. axb5 Rxa1 11. Bxa1 c4 12. Nc3 Qb6 13. d3 cxd3 14. cxd3 Rc8 15. d4 Ne8 16. Ne5 Qd8 17. Bd3 Bb4 18. Qf3 Qf6 19. Qxf6 Nxf6 20. Na4 Ba5 21. Nc5 b6 22. Ncxd7 Nbxd7 23. Nc6 Kf8 24. Bb2 Nb8 25. Ba3+ Ke8 26. Rc1 Nxc6 27. bxc6 Ne4 28. Bb5 Nc3 29. Rxc3 Bxc3 30. c7# 1-0

[Event "Rostock SSC op 17th"]
[Site "Rostock"]
[Date "2018.07.15"]
[Round "7.16"]
[White "Hopp, Peter"]
[Black "Hilbert, Stephan Joerg"]
[Result "1/2-1/2"]
[WhiteElo "1827"]
[BlackElo "1790"]
[PlyCount "81"]
[EventDate "2018.07.11"]
[EventType "swiss"]
[EventRounds "7"]
[EventCountry "GER"]
[SourceTitle "EXT 2019"]
[Source "ChessBase"]
[SourceDate "2018.10.10"]
[SourceVersion "1"]
[SourceVersionDate "2018.10.10"]
[SourceQuality "1"]

1. e4 d5 2. exd5 Qxd5 3. Nc3 Qa5 4. d4 Nf6 5. Bd2 c6 6. Nf3 Bg4 7. Be2 e6 8. a3 Qb6 9. Bc1 Bd6 10. 0-0 Nbd7 11. b4 0-0 12. Na4 Qc7 13. h3 Bf5 14. c4 a5 15. Bd2 axb4 16. axb4 Ne4 17. Nc5 Nxd2 18. Qxd2 Bf4 19. Qc3 Nxc5 20. dxc5 Be4 21. Rxa8 Rxa8 22. Ra1 Rd8 23. Rd1 Qb8 24. Rxd8+ Qxd8 25. Qd4 Qxd4 26. Nxd4 Bd2 27. b5 Bc3 28. Bf3 Bxf3 29. Nxf3 f6 30. Kf1 Kf7 31. Ke2 Bb4 32. bxc6 bxc6 33. Nd4 Bxc5 34. Nxc6 Ke8 35. f3 Kd7 36. Na5 Bb6 37. Nb3 Kd6 38. f4 h6 39. Kf3 f5 40. g4 g6 41. gxf5 1/2-1/2

[Event "Wunsiedel op 12th"]
[Site "Wunsiedel"]
[Date "2018.05.17"]
[Round "1"]
[White "Leeb, Simon"]
[Black "Hilbert, Stephan Joerg"]
[Result "1-0"]
[WhiteElo "2237"]
[BlackElo "1761"]
[PlyCount "29"]
[EventDate "2018.05.17"]
[EventType "swiss"]
[EventRounds "9"]
[EventCountry "GER"]
[SourceTitle "CBM 184 Extra"]
[Source "ChessBase"]
[SourceDate "2018.06.28"]
[SourceVersion "1"]
[SourceVersionDate "2018.06.28"]
[SourceQuality "1"]

1. d4 Nf6 2. c4 e6 3. Nf3 b6 4. a3 Be7 5. Nc3 Ba6 6. e4 0-0 7. Bd3 d6 8. 0-0 Nfd7 9. Bf4 c5 10. e5 cxd4 11. exd6 Bf6 12. Ne4 h6 13. Qe2 Nc6 14. Nxf6+ Qxf6 15. Qe4 1-0

[Event "Rostock SSC op 16th"]
[Site "Rostock"]
[Date "2017.07.30"]
[Round "7"]
[White "Hilbert, Stephan Joerg"]
[Black "Roehr, Oliver"]
[Result "0-1"]
[WhiteElo "1822"]
[BlackElo "1671"]
[PlyCount "89"]
[EventDate "2017.07.26"]
[EventType "swiss"]
[EventRounds "7"]
[EventCountry "GER"]
[SourceTitle "EXT 2018"]
[Source "ChessBase"]
[SourceDate "2017.10.13"]
[SourceVersion "1"]
[SourceVersionDate "2017.10.13"]
[SourceQuality "1"]

1. e4 e5 2. d4 exd4 3. c3 dxc3 4. Bc4 d6 5. Nxc3 Nc6 6. Nf3 Nf6 7. 0-0 Be7 8. b4 Be6 9. Bxe6 fxe6 10. Qb3 Qd7 11. Bb2 0-0 12. Ng5 Nd8 13. e5 Ng4 14. Nf3 Nxe5 15. Nxe5 dxe5 16. Rad1 Bd6 17. Ne4 Qe7 18. a3 Nf7 19. Rd3 Rfe8 20. Rg3 Nh6 21. f4 Nf5 22. Rg5 Nd4 23. Qd3 h6 24. Rg6 Qf7 25. Nf6+ Kh8 26. Nxe8 Qxe8 27. Kh1 Nf5 28. Rg4 exf4 29. Re1 Qh5 30. Qh3 Qxh3 31. gxh3 Re8 32. Reg1 Re7 33. Rg6 e5 34. R6g4 e4 35. Re1 f3 36. Rexe4 f2 37. Kg2 Rf7 38. Kf1 Bxh2 39. Re8+ Kh7 40. Rg2 Ng3+ 41. Rxg3 Bxg3 42. Bd4 Rd7 43. Re3 Bh4 44. Re4 g5 45. Bxf2 0-1

[Event "Rostock SSC op 16th"]
[Site "Rostock"]
[Date "2017.07.29"]
[Round "6"]
[White "Langer, Robert"]
[Black "Hilbert, Stephan Joerg"]
[Result "1-0"]
[WhiteElo "1672"]
[BlackElo "1822"]
[PlyCount "101"]
[EventDate "2017.07.26"]
[EventType "swiss"]
[EventRounds "7"]
[EventCountry "GER"]
[SourceTitle "EXT 2018"]
[Source "ChessBase"]
[SourceDate "2017.10.13"]
[SourceVersion "1"]
[SourceVersionDate "2017.10.13"]
[SourceQuality "1"]

1. d4 b5 2. e4 Bb7 3. f3 a6 4. Be3 e6 5. Bd3 Nf6 6. Ne2 Be7 7. 0-0 d6 8. Nd2 c5 9. c4 b4 10. d5 0-0 11. Nf4 exd5 12. exd5 Nbd7 13. Re1 Re8 14. Nb3 a5 15. a4 Ne5 16. Bf2 h6 17. Nxc5 Bc8 18. b3 Nxf3+ 19. Qxf3 dxc5 20. d6 Bxd6 21. Qxa8 Bxf4 22. Rxe8+ Nxe8 23. Qe4 Be6 24. Bxc5 Bxh2+ 25. Kxh2 Qc7+ 26. Kh1 Qxc5 27. Re1 g6 28. Qe5 Qe7 29. Re4 Nf6 30. Rd4 Kh7 31. Qxa5 Ng4 32. Qd8 Qc5 33. Kg1 Qh5 34. Qd6 Ne5 35. Bf1 Qg5 36. Be2 Qe3+ 37. Kf1 Qc1+ 38. Kf2 Qg5 39. g3 Bh3 40. Qxb4 Bg4 41. Qd2 Qh5 42. Bxg4 Nxg4+ 43. Rxg4 Qxg4 44. Qf4 Qd7 45. c5 g5 46. Qe4+ f5 47. Qe3 Kg6 48. a5 Qc6 49. Qd4 Kh5 50. Qe3 Kg4 51. Qe2+ 1-0

[Event "Rostock SSC op 16th"]
[Site "Rostock"]
[Date "2017.07.27"]
[Round "3"]
[White "Hilbert, Stephan Joerg"]
[Black "Petrow, Jonas"]
[Result "1-0"]
[WhiteElo "1822"]
[BlackElo "1640"]
[PlyCount "60"]
[EventDate "2017.07.26"]
[EventType "swiss"]
[EventRounds "7"]
[EventCountry "GER"]
[SourceTitle "EXT 2018"]
[Source "ChessBase"]
[SourceDate "2017.10.13"]
[SourceVersion "1"]
[SourceVersionDate "2017.10.13"]
[SourceQuality "1"]

1. b4 Nf6 2. Bb2 e6 3. a3 d5 4. e3 Bd6 5. c4 b6 6. Nf3 0-0 7. Qc2 Nbd7 8. d3 Bb7 9. Be2 c5 10. b5 Qc7 11. Nbd2 Ne8 12. 0-0 f5 13. Rac1 Nef6 14. h3 h6 15. cxd5 Bxd5 16. d4 Rac8 17. Qb1 Qb7 18. Nc4 Bb8 19. Rfd1 Ne4 20. dxc5 Nexc5 21. Bd4 e5 22. Ncxe5 Nxe5 23. Bxe5 Be4 24. Qb2 Bxe5 25. Qxe5 Rce8 26. Qg3 Kh7 27. Rd6 Re6 28. Rcd1 Rff6 29. Rxe6 Nxe6 30. Qh4 Qf7 1-0

[Event "GER Seniors Derby 16th"]
[Site "Wesel Undeloh"]
[Date "2017.03.19"]
[Round "7"]
[White "Rubke, Manfred"]
[Black "Hilbert, Stephan Joerg"]
[Result "1-0"]
[WhiteElo "2141"]
[BlackElo "1838"]
[PlyCount "63"]
[EventDate "2017.03.16"]
[EventType "swiss"]
[EventRounds "7"]
[EventCountry "GER"]
[SourceTitle "EXT 2019"]
[Source "ChessBase"]
[SourceDate "2018.10.10"]
[SourceVersion "1"]
[SourceVersionDate "2018.10.10"]
[SourceQuality "1"]

1. c4 b6 2. e4 c5 3. Nf3 Nc6 4. Nc3 e6 5. d3 d6 6. g3 Be7 7. Bg2 Bb7 8. 0-0 Nf6 9. d4 e5 10. d5 Nd4 11. Nh4 0-0 12. f4 Nd7 13. Nf5 Nxf5 14. exf5 f6 15. a4 a6 16. b3 Qe8 17. Be4 Kh8 18. Ra2 Rg8 19. Rg2 Bc8 20. g4 Ra7 21. Rf3 exf4 22. Bxf4 Ne5 23. Rh3 g5 24. Bxe5 dxe5 25. Rh5 Bd6 26. Qe1 Rf7 27. h4 Bd7 28. hxg5 Rxg5 29. Rxg5 fxg5 30. Qe3 h6 31. Rh2 Bf8 32. Qxg5 1-0

[Event "GER Seniors Derby 16th"]
[Site "Wesel Undeloh"]
[Date "2017.03.18"]
[Round "5"]
[White "Kersting, Martin"]
[Black "Hilbert, Stephan Joerg"]
[Result "1/2-1/2"]
[WhiteElo "2193"]
[BlackElo "1838"]
[PlyCount "28"]
[EventDate "2017.03.16"]
[EventType "swiss"]
[EventRounds "7"]
[EventCountry "GER"]
[SourceTitle "EXT 2019"]
[Source "ChessBase"]
[SourceDate "2018.10.10"]
[SourceVersion "1"]
[SourceVersionDate "2018.10.10"]
[SourceQuality "1"]

1. Nf3 Nf6 2. c4 b6 3. d4 e6 4. g3 Bb7 5. Bg2 c5 6. d5 exd5 7. Nh4 Be7 8. cxd5 d6 9. 0-0 0-0 10. Nf5 Re8 11. Nc3 Bf8 12. Re1 a6 13. e4 Nbd7 14. h3 b5 1/2-1/2

[Event "GER Seniors Derby 16th"]
[Site "Wesel Undeloh"]
[Date "2017.03.17"]
[Round "4"]
[White "Hilbert, Stephan Joerg"]
[Black "Pohlmann, Friedhelm"]
[Result "1-0"]
[WhiteElo "1838"]
[BlackElo "1779"]
[PlyCount "55"]
[EventDate "2017.03.16"]
[EventType "swiss"]
[EventRounds "7"]
[EventCountry "GER"]
[SourceTitle "EXT 2019"]
[Source "ChessBase"]
[SourceDate "2018.10.10"]
[SourceVersion "1"]
[SourceVersionDate "2018.10.10"]
[SourceQuality "1"]

1. b4 e5 2. Bb2 d6 3. c4 Nf6 4. e3 Be7 5. Nf3 0-0 6. Be2 h6 7. 0-0 b6 8. d3 Bb7 9. Nbd2 Nbd7 10. Qb3 c6 11. a4 Qc7 12. a5 a6 13. Rfc1 Rfc8 14. axb6 Qxb6 15. c5 Qc7 16. Nc4 dxc5 17. Ncxe5 cxb4 18. Qxf7+ Kh7 19. Qxe7 c5 20. Nxd7 Qxd7 21. Bxf6 Qxe7 22. Bxe7 b3 23. Rab1 Bd5 24. Bxc5 a5 25. d4 a4 26. Bd3+ Kh8 27. Ne5 a3 28. Bxa3 1-0

[Event "GER Seniors Derby 16th"]
[Site "Wesel Undeloh"]
[Date "2017.03.16"]
[Round "1"]
[White "Mueller, Norbert3333"]
[Black "Hilbert, Stephan Joerg"]
[Result "1/2-1/2"]
[WhiteElo "1991"]
[BlackElo "1838"]
[PlyCount "52"]
[EventDate "2017.03.16"]
[EventType "swiss"]
[EventRounds "7"]
[EventCountry "GER"]
[SourceTitle "EXT 2019"]
[Source "ChessBase"]
[SourceDate "2018.10.10"]
[SourceVersion "1"]
[SourceVersionDate "2018.10.10"]
[SourceQuality "1"]

1. e4 d5 2. exd5 Qxd5 3. d4 e5 4. dxe5 Qxd1+ 5. Kxd1 Nc6 6. Bb5 Bg4+ 7. f3 0-0-0+ 8. Bd2 Nd4 9. fxg4 Nxb5 10. Nf3 Bc5 11. c3 c6 12. Kc2 Nc7 13. b4 Be7 14. Na3 a5 15. Nc4 axb4 16. Nb6+ Kb8 17. cxb4 h5 18. g5 h4 19. g3 Ne6 20. a3 f6 21. exf6 gxf6 22. gxh4 fxg5 23. Rae1 g4 24. Rxe6 gxf3 25. Bf4+ Ka7 26. Be3 Kb8 1/2-1/2

[Event "WchT Seniors 50"]
[Site "Radebeul"]
[Date "2016.07.04"]
[Round "9.28"]
[White "Eiselt, Peter"]
[Black "Hilbert, Stephan Joerg"]
[Result "1/2-1/2"]
[WhiteElo "2012"]
[BlackElo "1839"]
[PlyCount "78"]
[EventDate "2016.06.26"]
[EventType "team-swiss"]
[EventRounds "9"]
[EventCountry "GER"]
[SourceTitle "CBM 173 Extra"]
[Source "ChessBase"]
[SourceDate "2016.08.29"]
[SourceVersion "1"]
[SourceVersionDate "2016.08.29"]
[SourceQuality "1"]
[WhiteTeam "Coswig 1920"]
[BlackTeam "Gera/Meuselwitz"]
[WhiteTeamCountry "GER"]
[BlackTeamCountry "GER"]

1. c4 b6 2. d4 Nf6 3. Nc3 e6 4. e4 Bb4 5. Bd3 Bb7 6. f3 0-0 7. Nge2 Be7 8. 0-0 d6 9. Qc2 Nbd7 10. Bg5 a6 11. Rae1 e5 12. f4 Ng4 13. Bxe7 Qxe7 14. Qd2 c6 15. h3 Nh6 16. Bc2 Rad8 17. Rd1 f5 18. fxe5 dxe5 19. exf5 Nf6 20. Qe3 Nd7 21. dxe5 Qxe5 22. Qxe5 Nxe5 23. b3 Rde8 24. Nd4 Bc8 25. g4 Nhf7 26. Kg2 Ng5 27. Kg3 h6 28. Rfe1 g6 29. h4 Nh7 30. fxg6 Nf6 31. Bf5 Nfxg4 32. Bxc8 Rxc8 33. Rf1 h5 34. Nf5 Nxg6 35. Rd7 Rxf5 36. Rxf5 Ne3 37. Rff7 Ne5 38. Rg7+ Kh8 39. Rge7 Nxd7 1/2-1/2

[Event "WchT Seniors 50"]
[Site "Radebeul"]
[Date "2016.07.03"]
[Round "8.26"]
[White "Hilbert, Stephan Joerg"]
[Black "Kuehn, Peter1111"]
[Result "1/2-1/2"]
[WhiteElo "1839"]
[BlackElo "1961"]
[PlyCount "100"]
[EventDate "2016.06.26"]
[EventType "team-swiss"]
[EventRounds "9"]
[EventCountry "GER"]
[SourceTitle "CBM 173 Extra"]
[Source "ChessBase"]
[SourceDate "2016.08.29"]
[SourceVersion "1"]
[SourceVersionDate "2016.08.29"]
[SourceQuality "1"]
[WhiteTeam "Gera/Meuselwitz"]
[BlackTeam "Stoertebeker"]
[WhiteTeamCountry "GER"]
[BlackTeamCountry "GER"]

1. e4 c5 2. b4 cxb4 3. a3 b3 4. cxb3 d5 5. e5 Nc6 6. Nf3 Bg4 7. Bb5 Qc7 8. 0-0 Bxf3 9. Qxf3 Qxe5 10. d4 Qxd4 11. Be3 Qe4 12. Qg3 Rc8 13. Nc3 Qg6 14. Qh3 Qe6 15. Qf3 a6 16. Ba4 Nf6 17. Bb6 d4 18. Rfe1 Qg4 19. Qxg4 Nxg4 20. Nd5 e6 21. Nb4 Bxb4 22. axb4 0-0 23. Bxc6 Rxc6 24. Bxd4 Rfc8 25. h3 Nf6 26. b5 axb5 27. Ra5 Rc1 28. Kf1 Rxe1+ 29. Kxe1 h6 30. Rxb5 Rc7 31. f3 Nd5 32. Kd2 Kh7 33. g3 Kg6 34. Kd3 Ne7 35. g4 Rd7 36. Ke4 Nc6 37. Bc3 Ne7 38. h4 f5+ 39. Ke5 Kf7 40. h5 fxg4 41. fxg4 Rd5+ 42. Rxd5 Nxd5 43. Bd2 Nf6 44. Kf4 g6 45. hxg6+ Kxg6 46. Ke5 Nxg4+ 47. Kxe6 h5 48. Kd6 h4 49. Be1 h3 50. Bg3 Nf6 1/2-1/2

[Event "WchT Seniors 50"]
[Site "Radebeul"]
[Date "2016.06.29"]
[Round "4.3"]
[White "Hilbert, Stephan Joerg"]
[Black "Cross, Ian K"]
[Result "1/2-1/2"]
[WhiteElo "1839"]
[BlackElo "1685"]
[PlyCount "82"]
[EventDate "2016.06.26"]
[EventType "team-swiss"]
[EventRounds "9"]
[EventCountry "GER"]
[SourceTitle "CBM 173 Extra"]
[Source "ChessBase"]
[SourceDate "2016.08.29"]
[SourceVersion "1"]
[SourceVersionDate "2016.08.29"]
[SourceQuality "1"]
[WhiteTeam "Gera/Meuselwitz"]
[BlackTeam "England III"]
[WhiteTeamCountry "GER"]
[BlackTeamCountry "ENG"]

1. e4 e6 2. Nf3 d5 3. e5 c5 4. b4 cxb4 5. a3 Nc6 6. axb4 Bxb4 7. c3 Ba5 8. d4 Nge7 9. Bd3 Bd7 10. 0-0 a6 11. Ng5 h6 12. Qh5 g6 13. Qh3 b5 14. Nf3 b4 15. Bb2 Qb6 16. c4 dxc4 17. Bxc4 Rc8 18. Nbd2 Nd5 19. Ne4 Kf8 20. Nd6 Rc7 21. Ng5 Nd8 22. Nge4 Bb5 23. Bxb5 axb5 24. Qf3 Kg7 25. Nf6 Rc3 26. Bxc3 bxc3 27. Nxd5 exd5 28. Qf6+ Kh7 29. Rxa5 Qxa5 30. Nxf7 Rg8 31. e6 Qb6 32. Nxd8 Qxd8 33. e7 Qe8 34. Re1 b4 35. Qd6 b3 36. Qxd5 b2 37. Qb3 Rg7 38. Qxc3 Rxe7 39. Rf1 Rb7 40. Qc2 Qd7 41. Rd1 Qxd4 1/2-1/2

[Event "Leipzig VfB op 23rd"]
[Site "Leipzig"]
[Date "2016.03.17"]
[Round "5"]
[White "Claus, Andreas"]
[Black "Hilbert, Stephan Joerg"]
[Result "1-0"]
[WhiteElo "1667"]
[BlackElo "1840"]
[PlyCount "99"]
[EventDate "2016.03.15"]
[EventType "swiss"]
[EventRounds "9"]
[EventCountry "GER"]
[SourceTitle "EXT 2017"]
[Source "ChessBase"]
[SourceDate "2016.10.25"]
[SourceVersion "1"]
[SourceVersionDate "2016.10.25"]
[SourceQuality "1"]

1. e4 d5 2. d4 dxe4 3. Nc3 Nf6 4. f3 e6 5. Bg5 Be7 6. fxe4 h6 7. Bf4 c6 8. Nf3 Nbd7 9. Bd3 Qa5 10. 0-0 g5 11. Bd2 Qc7 12. e5 Nd5 13. Nxd5 cxd5 14. c3 Nb6 15. b3 Bd7 16. Qe2 0-0-0 17. c4 Kb8 18. Ba5 Rdf8 19. Rfc1 Qc8 20. c5 Na8 21. b4 Bd8 22. Bxd8 Qxd8 23. b5 g4 24. Ne1 f5 25. c6 Bc8 26. a4 Rhg8 27. a5 b6 28. Qa2 Rg7 29. Qa3 Rff7 30. Qd6+ Qc7 31. axb6 Nxb6 32. Rc2 Ka8 33. Rca2 Qb8 34. Nc2 Rc7 35. Nb4 Rge7 36. Na6 Bxa6 37. Rxa6 f4 38. Qc5 Qg8 39. Rxb6 g3 40. h3 Qf7 41. Rba6 f3 42. b6 fxg2 43. Qc2 Qf4 44. bxc7 Qxd4+ 45. Kxg2 Rxc7 46. Qe2 Rf7 47. Rf1 Rf2+ 48. Rxf2 gxf2 49. Qxf2 Qxf2+ 50. Kxf2 1-0

[Event "Leipzig VfB op 23rd"]
[Site "Leipzig"]
[Date "2016.03.17"]
[Round "4"]
[White "Hilbert, Stephan Joerg"]
[Black "Platz, Daniel"]
[Result "0-1"]
[WhiteElo "1840"]
[BlackElo "2047"]
[PlyCount "107"]
[EventDate "2016.03.15"]
[EventType "swiss"]
[EventRounds "9"]
[EventCountry "GER"]
[SourceTitle "EXT 2017"]
[Source "ChessBase"]
[SourceDate "2016.10.25"]
[SourceVersion "1"]
[SourceVersionDate "2016.10.25"]
[SourceQuality "1"]

1. b4 Nf6 2. Bb2 e6 3. a3 d5 4. e3 Be7 5. Nf3 0-0 6. Be2 Nbd7 7. d3 c6 8. Nbd2 a5 9. c3 Qc7 10. 0-0 b6 11. Qb3 Bb7 12. c4 Qd6 13. Bc3 Rfb8 14. Qc2 Ne8 15. d4 axb4 16. axb4 c5 17. dxc5 bxc5 18. b5 Bf6 19. Rfd1 Rxa1 20. Rxa1 d4 21. exd4 cxd4 22. Bxd4 Bxd4 23. Nxd4 Qxd4 24. Nb3 Qe5 25. Rd1 Nc5 26. Na5 Be4 27. Qd2 Qc7 28. f3 Ba8 29. Bf1 Nf6 30. Qd6 Qxd6 31. Rxd6 Kf8 32. Kf2 Ke7 33. Nc6+ Kxd6 34. Nxb8 Kc7 35. Na6+ Nxa6 36. bxa6 Kb6 37. Ke3 Kxa6 38. c5+ Kb7 39. Bb5 Kc7 40. Kd4 Bc6 41. Be2 Bd5 42. g3 Kc6 43. Bd1 Kb5 44. f4 Nd7 45. g4 Nxc5 46. f5 Nd7 47. h4 Kc6 48. Bc2 e5+ 49. Ke3 f6 50. g5 Nc5 51. Bb1 Kd6 52. Bc2 Nb3 53. Bb1 Kc5 54. Bd3 0-1

[Event "Rostock SSC 07 op 11th"]
[Site "Rostock"]
[Date "2012.08.03"]
[Round "5"]
[White "Hilbert, Stephan Joerg"]
[Black "Morosova, Svetlana"]
[Result "1-0"]
[WhiteElo "1849"]
[BlackElo "1498"]
[PlyCount "61"]
[EventDate "2012.08.01"]
[EventType "swiss"]
[EventRounds "7"]
[EventCountry "GER"]
[SourceTitle "EXT 2017"]
[Source "ChessBase"]
[SourceDate "2016.10.25"]
[SourceVersion "1"]
[SourceVersionDate "2016.10.25"]
[SourceQuality "1"]

1. b4 e5 2. Bb2 d6 3. e3 Be6 4. Nf3 f5 5. d3 Nf6 6. Nbd2 h6 7. c4 Nbd7 8. Be2 g5 9. Nb3 Bg7 10. Nfd2 c6 11. Rb1 h5 12. e4 f4 13. d4 exd4 14. Nxd4 Qe7 15. Qc2 Ne5 16. 0-0 Nfd7 17. Rfe1 Qf7 18. Nxe6 Qxe6 19. Nf3 g4 20. Nd4 Qg6 21. Nf5 f3 22. Nxg7+ Qxg7 23. Bf1 0-0-0 24. c5 dxc5 25. b5 Qe7 26. bxc6 bxc6 27. Ba6+ Kc7 28. Bxe5+ Qxe5 29. Rb7+ Kd6 30. Rd1+ Ke7 31. Qd2 1-0

[Event "Rostock SSC 07 op 10th"]
[Site "Rostock"]
[Date "2011.08.06"]
[Round "6"]
[White "Hilbert, Stephan Joerg"]
[Black "Fleischer, Matthias"]
[Result "1/2-1/2"]
[WhiteElo "1767"]
[BlackElo "1912"]
[PlyCount "105"]
[EventDate "2011.08.03"]
[EventType "swiss"]
[EventRounds "7"]
[EventCountry "GER"]
[SourceTitle "EXT 2017"]
[Source "ChessBase"]
[SourceDate "2016.10.25"]
[SourceVersion "1"]
[SourceVersionDate "2016.10.25"]
[SourceQuality "1"]

1. b4 Nf6 2. Bb2 g6 3. c4 Bg7 4. e3 0-0 5. Be2 d6 6. Qc2 e5 7. d3 c6 8. Nd2 Re8 9. Ngf3 Bg4 10. 0-0 Nbd7 11. Nb3 Qe7 12. Rfe1 Nh5 13. a4 f5 14. Nbd2 Nhf6 15. h3 Bh5 16. Rad1 Rad8 17. Qb3 Kh8 18. e4 f4 19. d4 Ng8 20. c5 dxc5 21. Nxe5 Nxe5 22. dxe5 Bxe2 23. Rxe2 Bxe5 24. Bxe5+ Qxe5 25. Nc4 Rxd1+ 26. Qxd1 Qg5 27. f3 Rd8 28. Nd6 Kg7 29. e5 cxb4 30. Qb3 Rd7 31. Qe6 Qe7 32. Qc4 a5 33. Qd4 Qe6 34. Rd2 Re7 35. Re2 g5 36. h4 h6 37. g3 fxg3 38. f4 gxf4 39. Qxf4 Kh8 40. h5 Qd5 41. Rd2 Qe6 42. Rg2 b3 43. Qd4 Rg7 44. Qf4 Rg4 45. Qf3 Rg7 46. Qc3 Qg4 47. Qd3 Qf4 48. Qb1 Qxe5 49. Nf5 Rf7 50. Nxg3 Rg7 51. Kh2 Rg5 52. Qxb3 Rxh5+ 53. Kg1 1/2-1/2

[Event "Rostock SSC 07 op 10th"]
[Site "Rostock"]
[Date "2011.08.06"]
[Round "5"]
[White "Kresse, Matthias"]
[Black "Hilbert, Stephan Joerg"]
[Result "1/2-1/2"]
[WhiteElo "2063"]
[BlackElo "1767"]
[PlyCount "40"]
[EventDate "2011.08.03"]
[EventType "swiss"]
[EventRounds "7"]
[EventCountry "GER"]
[SourceTitle "EXT 2017"]
[Source "ChessBase"]
[SourceDate "2016.10.25"]
[SourceVersion "1"]
[SourceVersionDate "2016.10.25"]
[SourceQuality "1"]

1. e4 c6 2. d4 d5 3. Nc3 dxe4 4. Nxe4 Bf5 5. Ng3 Bg6 6. Nf3 Nd7 7. Be2 Ngf6 8. 0-0 Qc7 9. c4 e6 10. Be3 Bd6 11. Re1 h5 12. Nh4 Bf4 13. Qd2 Bh6 14. b4 0-0-0 15. a4 Ng4 16. Nxg6 Nxe3 17. Ne7+ Kb8 18. fxe3 Nf6 19. Nxc6+ Qxc6 20. Qc3 Nd5 1/2-1/2